Statistics for Top 10 Least-Educated U.S. States

Click here to take the quiz!

General Stats

  • This quiz has been taken 26,320 times
    (26,204 since last reset)
  • The average score is 6 of 10

Answer Stats

% State % Correct
25.5Alabama
90%
23.2Mississippi
84%
24.3Louisiana
76%
23.3Arkansas
72%
24.8Kentucky
68%
26.9Wyoming
62%
21.3West Virginia
58%
25.6Oklahoma
56%
24.9Nevada
36%
27.1Indiana
29%

Score Distribution

Percentile by Number Answered

Percent of People with Each Score

Your Score History

You have not taken this quiz since the last reset